000 00746nam a2200241Ia 4500
003 OSt
005 20220923221718.0
006 a|||||r|||| 00| 0
007 ta
008 220922b |||||||| |||| 00| 0 hin d
024 _a199,551
037 _cTextual
040 _aARTS
_cARTS
_bhin
041 _2hin
_ahin
082 _aQ2.N, 152M5
100 _aशर्मा, राम नाथ
_9156265
245 0 _aआधुनिक सन्दर्भ और धर्म
246 _aĀdhunik sandarbha aur dharma
260 _aकरनाल
_b नटराज पब्लि0
_c1985
300 _a119पृ.
_ccm.
942 _hQ2.N, 152M5
_cTEXL
_2CC
999 _c351291
_d351291